[Event "Edinburgh Premier"]
[Site "Edinburgh"]
[Date "2016.04.10"]
[Round "4.16"]
[White "Durno, Joy"]
[Black "Doyle, James"]
[Result "1/2-1/2"]
[WhiteElo "1872"]
[BlackElo "1933"]
[PlyCount "61"]
[EventDate "2016.04.08"]
[EventType "swiss"]
[EventRounds "5"]
[EventCountry "SCO"]
[SourceDate "2016.04.08"]

1. d4 Nf6 2. c4 e5 3. dxe5 Ng4 4. Nf3 Nc6 5. Bf4 Bb4+ 6. Nbd2 Qe7 7. e3 Ngxe5
8. Nxe5 Nxe5 9. Be2 O-O 10. O-O d6 11. a3 Bxd2 12. Qxd2 a5 13. b4 Be6 14. Qc3
Qf6 15. Bxe5 Qxe5 16. Qxe5 dxe5 17. c5 f5 18. h4 Rfd8 19. Rfd1 Rxd1+ 20. Rxd1
axb4 21. axb4 Kf8 22. f4 Ra2 23. Kf1 exf4 24. exf4 Rb2 25. Rd4 Ke7 26. Kf2 g6
27. Ke3 c6 28. Bf3 Rb3+ 29. Kd2 Rb1 30. Kc2 Rb3 31. Kd2 1/2-1/2

[Event "Edinburgh Premier"]
[Site "Edinburgh"]
[Date "2016.04.10"]
[Round "4.17"]
[White "Birkett, Richard"]
[Black "Marks, Ian"]
[Result "1-0"]
[WhiteElo "2050"]
[BlackElo "1888"]
[PlyCount "63"]
[EventDate "2016.04.08"]
[EventType "swiss"]
[EventRounds "5"]
[EventCountry "SCO"]
[SourceDate "2016.04.08"]

1. e4 c5 2. Nf3 d6 3. b3 Nf6 4. Bb5+ Bd7 5. Bxd7+ Qxd7 6. Qe2 Nc6 7. Bb2 e5 8.
O-O Be7 9. c3 O-O 10. d4 Rfe8 11. dxe5 dxe5 12. Rd1 Qc7 13. Nbd2 Rad8 14. Nc4
Rxd1+ 15. Rxd1 Rd8 16. Rxd8+ Bxd8 17. Qe3 a6 18. Ncxe5 Nxe5 19. Nxe5 Qe7 20. c4
Bc7 21. f4 Qd6 22. Qe2 Nd7 23. Nd3 f6 24. g3 b5 25. e5 Qe6 26. Qe4 fxe5 27.
fxe5 bxc4 28. Nf4 Qe7 29. Nd5 Qd8 30. e6 Nf6 31. Bxf6 gxf6 32. e7 1-0

[Event "Edinburgh Premier"]
[Site "Edinburgh"]
[Date "2016.04.10"]
[Round "4.18"]
[White "Coffey, Anthony"]
[Black "Smith, Callum"]
[Result "1-0"]
[WhiteElo "1957"]
[BlackElo "1685"]
[PlyCount "107"]
[EventDate "2016.04.08"]
[EventType "swiss"]
[EventRounds "5"]
[EventCountry "SCO"]
[SourceDate "2016.04.08"]

1. e4 c6 2. d4 d5 3. Nc3 dxe4 4. Nxe4 Bf5 5. Ng3 Bg6 6. N1e2 Nf6 7. Nf4 e6 8.
c3 Bd6 9. Bc4 Qc7 10. Qf3 Nd5 11. Nfh5 O-O 12. O-O Nd7 13. Bg5 h6 14. Bd2 N5f6
15. Nxf6+ Nxf6 16. Bxh6 Bxg3 17. hxg3 Be4 18. Bf4 Bxf3 19. Bxc7 Bd5 20. Bxd5
exd5 21. f3 Rfe8 22. Rfe1 Nd7 23. Kf2 f6 24. g4 Kf7 25. b3 Nf8 26. a4 Ne6 27.
Bg3 Nf8 28. b4 a6 29. Rxe8 Kxe8 30. Ke3 Ng6 31. Kd3 Kd7 32. Rh1 Re8 33. Rh7 Re7
34. Rh1 Re8 35. Rb1 b5 36. Ra1 Re7 37. axb5 axb5 38. Ra8 Rf7 39. f4 Ne7 40.
Ra7+ Ke8 41. f5 Nc8 42. Ra8 Kd8 43. Bf4 Rb7 44. g5 Ra7 45. Rxa7 Nxa7 46. gxf6
gxf6 47. Bd6 Nc8 48. Bc5 Ke8 49. Ke3 Kf7 50. Kf4 Kg7 51. g4 Kh6 52. g5+ fxg5+
53. Kg4 Kg7 54. Kxg5 1-0

[Event "Edinburgh Premier"]
[Site "Edinburgh"]
[Date "2016.04.10"]
[Round "4.19"]
[White "Bourached, Anthony"]
[Black "Zhang, Zheming"]
[Result "1/2-1/2"]
[WhiteElo "1951"]
[BlackElo "1792"]
[PlyCount "106"]
[EventDate "2016.04.08"]
[EventType "swiss"]
[EventRounds "5"]
[EventCountry "SCO"]
[SourceDate "2016.04.08"]

1. d4 e6 2. c4 f5 3. Nc3 Nf6 4. Bf4 Be7 5. e3 O-O 6. Nf3 b6 7. Be2 Bb7 8. O-O
d6 9. h3 Qe8 10. Re1 Bd8 11. Bd3 Ne4 12. Qc2 Nxc3 13. Qxc3 Bxf3 14. gxf3 Qh5
15. Kh2 Qxf3 16. Bf1 Qb7 17. Bg2 c6 18. Bxd6 Bc7 19. Bxc7 Qxc7+ 20. f4 Nd7 21.
Bf3 Rf6 22. Rg1 Raf8 23. b4 c5 24. dxc5 bxc5 25. b5 e5 26. Qc1 e4 27. Be2 Rh6
28. Qc3 Rg6 29. a4 Rff6 30. a5 Rxg1 31. Rxg1 Rg6 32. Rxg6 hxg6 33. h4 Kf7 34.
Qd2 Nf6 35. Kg2 Ke7 36. a6 Qb6 37. Kf1 Qc7 38. Ke1 Qb6 39. Kd1 Qc7 40. Kc2 Qb6
41. Kb3 Qc7 42. Ka4 Nd7 43. h5 gxh5 44. Bxh5 Qd6 45. Qxd6+ Kxd6 46. Bf7 Nb6+
47. Kb3 Ke7 48. Bd5 Kf6 49. Kc3 Nd7 50. Kd2 Nb6 51. Ke2 Nd7 52. Kf2 Nb6 53. Kg3
Nd7 1/2-1/2

[Event "Edinburgh Premier"]
[Site "Edinburgh"]
[Date "2016.04.10"]
[Round "4.20"]
[White "Dabos-Doukas, Ioannis"]
[Black "Sykes, Chris"]
[Result "1/2-1/2"]
[WhiteElo "1788"]
[BlackElo "1897"]
[PlyCount "95"]
[EventDate "2016.04.08"]
[EventType "swiss"]
[EventRounds "5"]
[EventCountry "SCO"]
[SourceDate "2016.04.08"]

1. d4 d5 2. Bf4 e6 3. e3 Bd6 4. Bg3 Nf6 5. Bd3 O-O 6. Nd2 b6 7. Qe2 c5 8. c3
cxd4 9. exd4 a5 10. Ngf3 Ba6 11. Bxa6 Rxa6 12. Bxd6 Qxd6 13. O-O Ra7 14. a4
Nfd7 15. Nb1 Na6 16. Na3 Nc7 17. Nb5 Nxb5 18. Qxb5 Rc8 19. Qd3 Qc6 20. Ng5 Nf6
21. f4 g6 22. h3 Ne4 23. g4 Nxg5 24. fxg5 Qc4 25. Qf3 Qc7 26. h4 Qe7 27. Qf4
Qc7 28. Qf3 Qe7 29. Qe3 e5 30. dxe5 Qc5 31. Qxc5 Rxc5 32. Rf4 Rac7 33. Rd1 b5
34. Rfd4 bxa4 35. Rxd5 a3 36. bxa3 Rxd5 37. Rxd5 Rxc3 38. Rxa5 Rg3+ 39. Kh2
Rxg4 40. Kh3 Re4 41. a4 Kg7 42. Kg3 Kf8 43. Ra8+ Ke7 44. a5 Rxe5 45. a6 Ra5 46.
a7 Ra4 47. Rh8 Rxa7 48. Rxh7 1/2-1/2

[Event "Edinburgh Premier"]
[Site "Edinburgh"]
[Date "2016.04.10"]
[Round "4.21"]
[White "Robinson, Stephen"]
[Black "Jennings, Richard"]
[Result "1/2-1/2"]
[WhiteElo "1823"]
[BlackElo "1866"]
[PlyCount "53"]
[EventDate "2016.04.08"]
[EventType "swiss"]
[EventRounds "5"]
[EventCountry "SCO"]
[SourceDate "2016.04.08"]

1. d4 e6 2. Nf3 b6 3. e4 Bb7 4. Bd3 c5 5. c3 cxd4 6. cxd4 Bb4+ 7. Nc3 Nf6 8.
Bg5 h6 9. Bxf6 Qxf6 10. Qe2 O-O 11. O-O Rc8 12. Rac1 Bxc3 13. bxc3 d6 14. e5
Bxf3 15. gxf3 dxe5 16. dxe5 Qf4 17. Be4 Nc6 18. Rce1 Rc7 19. Qb5 Rac8 20. Kh1
Nxe5 21. Re3 Nc4 22. Rg1 f5 23. Bd5 exd5 24. Re8+ Kh7 25. Rxc8 Qxf3+ 26. Rg2
Nd6 27. Rxc7 1/2-1/2

[Event "Edinburgh Premier"]
[Site "Edinburgh"]
[Date "2016.04.10"]
[Round "4.22"]
[White "Shafi, Declan"]
[Black "Livingstone, Jonathan"]
[Result "1/2-1/2"]
[WhiteElo "1857"]
[BlackElo "1722"]
[PlyCount "104"]
[EventDate "2016.04.08"]
[EventType "swiss"]
[EventRounds "5"]
[EventCountry "SCO"]
[SourceDate "2016.04.08"]

1. d4 d5 2. c4 dxc4 3. Nf3 Nf6 4. e3 e6 5. Bxc4 Nbd7 6. O-O c5 7. dxc5 Bxc5 8.
b3 O-O 9. Bb2 b6 10. Qe2 Bb7 11. Rd1 Qe7 12. a4 Rfd8 13. a5 Ne4 14. a6 Bc6 15.
Nd4 Bxd4 16. Bxd4 e5 17. Bb2 Nf8 18. Nc3 Nxc3 19. Bxc3 Rac8 20. Rxd8 Rxd8 21.
b4 Qg5 22. e4 Rd6 23. b5 Bd7 24. Qf3 Be6 25. Bxe6 Nxe6 26. h4 Qxh4 27. Bxe5 Ng5
28. Qf4 Qxf4 29. Bxf4 Rg6 30. Bxg5 Rxg5 31. Rc1 f6 32. Rc8+ Kf7 33. Rc7+ Kg6
34. Rxa7 Rxb5 35. Rb7 Rb1+ 36. Kh2 b5 37. Kg3 b4 38. f4 Ra1 39. a7 b3 40. Kg4
h5+ 41. Kh4 Rh1+ 42. Kg3 Ra1 43. f5+ Kh6 44. Kf4 b2 45. Rb8 Rf1+ 46. Ke3 Ra1
47. Kf4 Rf1+ 48. Ke3 Ra1 49. Rxb2 Rxa7 50. Kd4 Rd7+ 51. Ke3 Kg5 52. Rf2 Kg4
1/2-1/2

[Event "Edinburgh Premier"]
[Site "Edinburgh"]
[Date "2016.04.10"]
[Round "4.23"]
[White "Chapman, Nigel"]
[Black "Carter, Richard"]
[Result "1-0"]
[WhiteElo "1754"]
[BlackElo "1805"]
[PlyCount "59"]
[EventDate "2016.04.08"]
[EventType "swiss"]
[EventRounds "5"]
[EventCountry "SCO"]
[SourceDate "2016.04.08"]

1. e4 d5 2. exd5 Qxd5 3. Nc3 Qd6 4. d4 c6 5. Nf3 Nf6 6. g3 Bg4 7. Bg2 e6 8. O-O
Qc7 9. h3 Bh5 10. Bf4 Bd6 11. Bxd6 Qxd6 12. g4 Bg6 13. Re1 Nbd7 14. Qe2 O-O 15.
Ne5 Nd5 16. Nxd5 exd5 17. Nxd7 Qxd7 18. c3 f5 19. g5 f4 20. Qe7 Qxe7 21. Rxe7
f3 22. Bf1 Rf7 23. Rae1 Be4 24. R1xe4 dxe4 25. Bc4 Raf8 26. Kh2 g6 27. Kg3 Kg7
28. Rxf7+ Rxf7 29. Bxf7 Kxf7 30. Kf4 1-0

[Event "Edinburgh Premier"]
[Site "Edinburgh"]
[Date "2016.04.10"]
[Round "5.1"]
[White "Samolins, Vitalijs"]
[Black "Archibong, Ubong"]
[Result "1-0"]
[WhiteElo "2397"]
[BlackElo "2063"]
[PlyCount "119"]
[EventDate "2016.04.08"]
[EventType "swiss"]
[EventRounds "5"]
[EventCountry "SCO"]
[SourceDate "2016.04.08"]

1. b3 Nf6 2. Bb2 b6 3. e3 Bb7 4. Nf3 g6 5. Be2 Bg7 6. O-O O-O 7. c4 Na6 8. Nc3
c5 9. Rc1 Rc8 10. Nb5 Nc7 11. Nxc7 Rxc7 12. Qc2 Qa8 13. d3 d6 14. Bc3 e5 15.
Qb2 Re7 16. Rfd1 Rfe8 17. b4 h5 18. a4 Nh7 19. a5 bxa5 20. bxc5 dxc5 21. Ra1 g5
22. Rxa5 g4 23. Nh4 Bf6 24. Nf5 Bxg2 25. Nxe7+ Rxe7 26. Rb1 Rb7 27. Rb5 Rxb5
28. Qxb5 Kg7 29. Qb8 Qc6 30. Bxe5 Bh3 31. e4 Qa4 32. Bxf6+ Nxf6 33. Qe5 Qa2 34.
Qb2 Qa5 35. e5 Ng8 36. e6+ Kg6 37. exf7 Kxf7 38. Qb7+ Ne7 39. Bf1 Bxf1 40. Rxf1
Qd8 41. Qxa7 Qxd3 42. Qxc5 Nf5 43. Qd5+ Qxd5 44. cxd5 Ke7 45. h3 Kd6 46. hxg4
hxg4 47. Rd1 Ke5 48. Kg2 Kd6 49. Ra1 Kxd5 50. Ra5+ Ke6 51. Ra4 g3 52. fxg3 Kf6
53. Kf3 Kg5 54. Ra5 Kg6 55. Kf4 Nd4 56. Ra6+ Kf7 57. g4 Ne2+ 58. Kg5 Nd4 59.
Kh6 Ne6 60. Rxe6 1-0

[Event "Edinburgh Premier"]
[Site "Edinburgh"]
[Date "2016.04.10"]
[Round "5.2"]
[White "Tate, Alan"]
[Black "Arakhamia-Grant, Ketevan"]
[Result "1/2-1/2"]
[WhiteElo "2301"]
[BlackElo "2360"]
[PlyCount "159"]
[EventDate "2016.04.08"]
[EventType "swiss"]
[EventRounds "5"]
[EventCountry "SCO"]
[SourceDate "2016.04.08"]

1. Nf3 Nf6 2. c4 g6 3. g3 Bg7 4. Bg2 d6 5. d4 O-O 6. O-O Nc6 7. Nc3 Bf5 8. Ne1
a6 9. e4 Bg4 10. f3 Bd7 11. Be3 Rb8 12. Nd3 b5 13. c5 b4 14. Ne2 Na5 15. b3 Bb5
16. Rc1 Nd7 17. cxd6 cxd6 18. Qd2 Nc6 19. f4 e5 20. dxe5 dxe5 21. Rfd1 Qe7 22.
fxe5 Bxd3 23. Qxd3 Ndxe5 24. Qc2 Rfc8 25. Nf4 h5 26. h3 Kh7 27. Qe2 Qb7 28. Nd5
Re8 29. Qf2 Re6 30. Bc5 a5 31. Nf4 Rf6 32. Qe2 Bh6 33. Nd5 Re6 34. Rc2 Rc8 35.
Nf4 Ree8 36. Nd5 Bg7 37. Be3 Nd7 38. Rcd2 Nce5 39. Qf2 Rc6 40. Nf4 Nf6 41. Bd4
Nfd7 42. Nd5 Nf8 43. Be3 Rec8 44. Nf4 Rc1 45. Kh2 Rxd1 46. Rxd1 Rc6 47. Nd5
Nfd7 48. Bd4 Qb8 49. Ne7 Re6 50. Nd5 h4 51. Kh1 hxg3 52. Qxg3 Kg8 53. Rc1 Re8
54. Rd1 Qd6 55. Qe3 Rc8 56. Rc1 Rxc1+ 57. Qxc1 Kh7 58. Qe1 Nf3 59. Bxf3 Bxd4
60. Qh4+ Kg7 61. Qg4 Ne5 62. Qg3 Qc5 63. Qf4 Nxf3 64. Kg2 Ne1+ 65. Kf1 Nd3 66.
Qd2 Qc1+ 67. Qxc1 Nxc1 68. Ke1 Nxa2 69. Kd2 Nc3 70. Nc7 Nxe4+ 71. Kd3 Nc5+ 72.
Kxd4 Nxb3+ 73. Kc4 Nd2+ 74. Kd3 Nf3 75. Nd5 Ng5 76. Nf4 a4 77. Kc4 b3 78. Kc3
Kf6 79. h4 Nf3 80. Nd3 1/2-1/2

[Event "Edinburgh Premier"]
[Site "Edinburgh"]
[Date "2016.04.10"]
[Round "5.3"]
[White "Berry, Neil"]
[Black "Gray, Euan"]
[Result "1-0"]
[WhiteElo "2351"]
[BlackElo "1904"]
[PlyCount "65"]
[EventDate "2016.04.08"]
[EventType "swiss"]
[EventRounds "5"]
[EventCountry "SCO"]
[SourceDate "2016.04.08"]

1. d4 Nf6 2. c4 e6 3. g3 Bb4+ 4. Bd2 a5 5. Bg2 d6 6. e4 e5 7. Ne2 O-O 8. O-O
Re8 9. d5 Nbd7 10. Nbc3 a4 11. Be3 a3 12. b3 Nc5 13. Qc2 Bg4 14. f3 Bd7 15.
Rad1 h6 16. Nc1 Qc8 17. Nd3 Nxd3 18. Qxd3 Nh5 19. Rc1 Ra5 20. Qe2 g5 21. Nd1 c5
22. dxc6 bxc6 23. Nf2 Ng7 24. Nd3 Qb8 25. Nxb4 Qxb4 26. Rfd1 Be6 27. Qf2 Raa8
28. f4 exf4 29. gxf4 Bg4 30. Rd2 Ne6 31. fxg5 hxg5 32. Qg3 Bh5 33. Rxd6 1-0

[Event "Edinburgh Premier"]
[Site "Edinburgh"]
[Date "2016.04.10"]
[Round "5.4"]
[White "Green, Andrew"]
[Black "Lauridsen, Jesper Morch"]
[Result "0-1"]
[WhiteElo "2153"]
[BlackElo "2275"]
[PlyCount "106"]
[EventDate "2016.04.08"]
[EventType "swiss"]
[EventRounds "5"]
[EventCountry "SCO"]
[SourceDate "2016.04.08"]

1. d4 d5 2. Bf4 c6 3. e3 Qb6 4. Qc1 Bf5 5. Nf3 Nf6 6. h3 e6 7. Nh4 Bg6 8. Nxg6
hxg6 9. Nd2 c5 10. c3 cxd4 11. exd4 Nc6 12. Bd3 Rc8 13. Qb1 a5 14. a4 Be7 15.
O-O O-O 16. Re1 Rfe8 17. Nf3 Bf8 18. Re2 Ne7 19. g4 Nc6 20. Qf1 Ne4 21. Qg2 Bd6
22. Ne5 Bxe5 23. dxe5 Nc5 24. Bb5 d4 25. Rd1 Red8 26. Red2 Rd5 27. cxd4 Nb3 28.
Rd3 Nbxd4 29. Be3 Qd8 30. Bc4 Rd7 31. Qe4 Qh4 32. Bxd4 Nxd4 33. Bb5 Rc2 34. Rg3
f5 35. exf6 Qxf6 36. f4 Qh4 37. Rg2 Qxh3 38. Qxc2 Nxc2 39. Rxd7 Ne3 40. Rd8+
Kf7 41. Rd7+ Kf6 42. g5+ Kf5 43. Bd3+ Kxf4 44. Rd4+ Ke5 45. Re4+ Kd6 46. Bf1
Nxf1 47. Kxf1 Qf3+ 48. Rf2 Qh1+ 49. Ke2 Qxe4+ 50. Kd1 Qxa4+ 51. Kc1 Qc4+ 52.
Rc2 Qf4+ 53. Rd2+ Ke7 0-1

[Event "Edinburgh Premier"]
[Site "Edinburgh"]
[Date "2016.04.10"]
[Round "5.5"]
[White "Green, Michael"]
[Black "Orr, Mark J L"]
[Result "1/2-1/2"]
[WhiteElo "1983"]
[BlackElo "2180"]
[PlyCount "83"]
[EventDate "2016.04.08"]
[EventType "swiss"]
[EventRounds "5"]
[EventCountry "SCO"]
[SourceDate "2016.04.08"]

1. d4 Nf6 2. c4 e6 3. Nc3 d5 4. cxd5 exd5 5. Bg5 c6 6. Qc2 Be7 7. e3 O-O 8. Bd3
Nbd7 9. Nge2 Re8 10. O-O Nf8 11. Rab1 Ne4 12. Bf4 Nxc3 13. bxc3 Bd6 14. c4 dxc4
15. Bxc4 Rb8 16. Bxd6 Qxd6 17. Nf4 Ng6 18. Nxg6 hxg6 19. Rfe1 Be6 20. Bxe6 Rxe6
21. Qc5 Qxc5 22. dxc5 Re5 23. Rec1 Rd5 24. Rb2 Kf8 25. Kf1 Ke8 26. Ke2 Kd8 27.
Rd1 Rxd1 28. Kxd1 Kc7 29. Rd2 b5 30. cxb6+ axb6 31. Kc2 c5 32. a4 Kc6 33. e4
Ra8 34. Kb3 Re8 35. f3 f5 36. exf5 gxf5 37. Kc4 Ra8 38. Kb3 Re8 39. Kc4 g6 40.
g3 Ra8 41. Kb3 Re8 42. Kc4 1/2-1/2

[Event "Edinburgh Premier"]
[Site "Edinburgh"]
[Date "2016.04.10"]
[Round "5.6"]
[White "Abrahams, Daniel"]
[Black "Thomson, Neil"]
[Result "0-1"]
[WhiteElo "2084"]
[BlackElo "1978"]
[PlyCount "74"]
[EventDate "2016.04.08"]
[EventType "swiss"]
[EventRounds "5"]
[EventCountry "SCO"]
[SourceDate "2016.04.08"]

1. e4 g6 2. Nf3 Bg7 3. Bc4 d6 4. d3 Nf6 5. Nbd2 O-O 6. O-O Nc6 7. c3 Na5 8. Bb5
a6 9. Ba4 c5 10. Bc2 Nc6 11. Re1 e5 12. Nf1 d5 13. Ng3 Qc7 14. Qe2 b6 15. Bg5
Be6 16. Qd2 Rad8 17. Bh6 dxe4 18. Bxg7 Kxg7 19. Nxe4 Nd5 20. Neg5 Bc8 21. Bb3
f6 22. Ne4 Nf4 23. d4 cxd4 24. cxd4 Nxd4 25. Nxd4 Rxd4 26. Qe3 Bb7 27. Rac1 Qe7
28. Nxf6 Qxf6 29. Rc7+ Kh8 30. Rxb7 Nxg2 31. Rxh7+ Kxh7 32. Kxg2 Rg4+ 33. Kf1
Qh4 34. Rc1 Rxf2+ 35. Qxf2 Rf4 36. Rc7+ Kh6 37. Rf7 Qxf2# 0-1

[Event "Edinburgh Premier"]
[Site "Edinburgh"]
[Date "2016.04.10"]
[Round "5.7"]
[White "Abdulla, Murad"]
[Black "James, Chris"]
[Result "1/2-1/2"]
[WhiteElo "2065"]
[BlackElo "1828"]
[PlyCount "92"]
[EventDate "2016.04.08"]
[EventType "swiss"]
[EventRounds "5"]
[EventCountry "SCO"]
[SourceDate "2016.04.08"]

1. e4 d5 2. exd5 Nf6 3. Nf3 Bg4 4. Be2 Qxd5 5. d4 Nc6 6. c3 O-O-O 7. O-O e5 8.
Be3 e4 9. Nfd2 Bxe2 10. Qxe2 Qf5 11. Nc4 Bd6 12. Nxd6+ Rxd6 13. Nd2 Ng4 14. f3
Nxe3 15. Qxe3 exf3 16. Nxf3 Qd7 17. Ne5 Nxe5 18. Qxe5 f6 19. Qg3 Re8 20. Rae1
Rde6 21. h3 Rxe1 22. Rxe1 Rxe1+ 23. Qxe1 c6 24. Qe4 g6 25. b3 Kc7 26. Kf2 f5
27. Qf4+ Qd6 28. Kf3 Kd7 29. c4 a5 30. Qh4 Qe7 31. Qf4 Qd6 32. Qd2 a4 33. Qe3
axb3 34. axb3 Qe6 35. Qd3 Qd6 36. g3 Ke6 37. h4 Kf6 38. Qc3 Ke6 39. b4 b5 40.
cxb5 Qd5+ 41. Kf2 cxb5 42. Qc5 Qa2+ 43. Kg1 Qb1+ 44. Kh2 Qf1 45. Qe5+ Kd7 46.
Qe3 Kd6 1/2-1/2

[Event "Edinburgh Premier"]
[Site "Edinburgh"]
[Date "2016.04.10"]
[Round "5.8"]
[White "Newton, Andrew"]
[Black "Borwell, Alan"]
[Result "1/2-1/2"]
[WhiteElo "1799"]
[BlackElo "1955"]
[PlyCount "145"]
[EventDate "2016.04.08"]
[EventType "swiss"]
[EventRounds "5"]
[EventCountry "SCO"]
[SourceDate "2016.04.08"]

1. d4 Nf6 2. c4 e6 3. Nc3 Bb4 4. Qc2 O-O 5. a3 Bxc3+ 6. Qxc3 h6 7. e3 b6 8. Bd3
Bb7 9. f3 d6 10. Ne2 Nbd7 11. e4 Rc8 12. Be3 c5 13. d5 Qe7 14. Qd2 Ne5 15. Rc1
Rfe8 16. Kf2 b5 17. dxe6 bxc4 18. Bxc4 Nxc4 19. Rxc4 d5 20. exf7+ Qxf7 21. exd5
Bxd5 22. Rf4 Rcd8 23. Qc3 Qe6 24. Ng3 Bb3 25. Ne4 Nd5 26. Nxc5 Nxc3 27. Nxe6
Nd1+ 28. Rxd1 Rxd1 29. Nd4 Bd5 30. Rg4 Kh8 31. Nf5 Be6 32. Nxg7 Bxg4 33. Nxe8
Bd7 34. Nf6 Kg7 35. Ne4 Rb1 36. Bd4+ Kg6 37. g4 Bc6 38. Nd2 Rh1 39. Kg2 Rd1 40.
Be3 Rc1 41. Bd4 Rc2 42. Bc3 Bd5 43. h4 Rc1 44. h5+ Kf7 45. Ne4 Rc2+ 46. Kg3 Re2
47. Kf4 Bxe4 48. fxe4 Rf2+ 49. Kg3 Rf1 50. e5 a6 51. Bd2 Kg7 52. e6 Rf8 53.
Bc3+ Kg8 54. e7 Re8 55. Bb4 Kf7 56. Kf4 Ke6 57. g5 hxg5+ 58. Kxg5 Rg8+ 59. Kf4
Kd7 60. h6 Rg6 61. Ke4 Rxh6 62. Bc5 Rh8 63. Kd4 Rh4+ 64. Kc3 Re4 65. b4 Kc6 66.
Kb3 a5 67. Ka4 axb4 68. axb4 Re1 69. Kb3 Kd5 70. Kc3 Kc6 71. Kc4 Re4+ 72. Kd3
Re1 73. Kc4 1/2-1/2

[Event "Edinburgh Premier"]
[Site "Edinburgh"]
[Date "2016.04.10"]
[Round "5.9"]
[White "Ridge, Mike"]
[Black "Sanchez Botella, Luis Javier"]
[Result "0-1"]
[WhiteElo "1889"]
[BlackElo "2278"]
[PlyCount "94"]
[EventDate "2016.04.08"]
[EventType "swiss"]
[EventRounds "5"]
[EventCountry "SCO"]
[SourceDate "2016.04.08"]

1. c4 Nf6 2. Nc3 g6 3. g3 Bg7 4. Bg2 O-O 5. Nf3 d6 6. O-O e5 7. d3 Nc6 8. Rb1
a5 9. a3 h6 10. b4 axb4 11. axb4 Be6 12. b5 Ne7 13. Bb2 Nd7 14. Nd2 Qc8 15. Ra1
f5 16. Rxa8 Qxa8 17. Qa1 Qb8 18. Qa3 Nc5 19. Na4 b6 20. Nxc5 bxc5 21. Ra1 Nc8
22. Qa8 Qxa8 23. Rxa8 g5 24. Nb3 e4 25. Bxg7 Kxg7 26. Na5 Nb6 27. Ra7 Rf7 28.
Nc6 Kf6 29. Nd8 Rd7 30. Nxe6 Kxe6 31. dxe4 Nxc4 32. exf5+ Kxf5 33. Ra4 Nb6 34.
Bh3+ Kf6 35. Bxd7 Nxa4 36. Kf1 d5 37. Ke1 c4 38. e3 Nc5 39. Bc6 Ke5 40. f3 Kd6
41. Kd2 Nd3 42. f4 Nf2 43. Kc3 gxf4 44. gxf4 Kc5 45. Be8 Ng4 46. Kd2 Nxh2 47.
Bh5 Nf1+ 0-1

[Event "Edinburgh Premier"]
[Site "Edinburgh"]
[Date "2016.04.10"]
[Round "5.10"]
[White "Coffey, Patrick"]
[Black "Walker, Duncan"]
[Result "1/2-1/2"]
[WhiteElo "2199"]
[BlackElo "1920"]
[PlyCount "98"]
[EventDate "2016.04.08"]
[EventType "swiss"]
[EventRounds "5"]
[EventCountry "SCO"]
[SourceDate "2016.04.08"]

1. e4 c5 2. Nf3 g6 3. c3 Bg7 4. d4 b6 5. dxc5 bxc5 6. Qd5 Nc6 7. Bc4 e6 8. Qxc5
Nge7 9. O-O d6 10. Qa3 O-O 11. Ba6 Qc7 12. Bxc8 Raxc8 13. Be3 h6 14. Nbd2 f5
15. exf5 Rxf5 16. Ne4 Rxf3 17. gxf3 Nf5 18. f4 Rf8 19. Qb3 d5 20. Ng3 Nh4 21.
f3 Rxf4 22. Bxf4 Qxf4 23. Rae1 Ne5 24. Qb8+ Kh7 25. Rxe5 Bxe5 26. Qxa7+ Bg7 27.
Qf2 Be5 28. Ne2 Qf6 29. f4 Bd6 30. a4 Nf5 31. Kh1 h5 32. a5 Nh6 33. a6 Ng4 34.
Qf3 Bc5 35. b4 Ba7 36. b5 Ne3 37. b6 Bxb6 38. Rb1 Nc4 39. f5 Nd2 40. Qd3 Nxb1
41. Qxb1 exf5 42. Qd3 Qe5 43. Nd4 Qf4 44. Nf3 Be3 45. Qxd5 Kh6 46. Qa8 Kg7 47.
Qb7+ Kh6 48. Qa8 Kg7 49. Qb7+ Kh6 1/2-1/2

[Event "Edinburgh Premier"]
[Site "Edinburgh"]
[Date "2016.04.10"]
[Round "5.11"]
[White "Marzano, Carlo"]
[Black "Pearson, Raymond"]
[Result "1-0"]
[WhiteElo "2188"]
[BlackElo "1902"]
[PlyCount "59"]
[EventDate "2016.04.08"]
[EventType "swiss"]
[EventRounds "5"]
[EventCountry "SCO"]
[SourceDate "2016.04.08"]

1. d4 Nf6 2. Nf3 g6 3. c4 Bg7 4. Nc3 O-O 5. e4 d6 6. Be2 e5 7. d5 h6 8. O-O Nh7
9. Rb1 f5 10. b4 fxe4 11. Nxe4 Bf5 12. Nfd2 Qh4 13. Bd3 Ng5 14. f3 Nd7 15. Qe1
Qxe1 16. Rxe1 Nxe4 17. fxe4 Bg4 18. h3 Bh5 19. g4 Nf6 20. Be2 Bxg4 21. hxg4 h5
22. g5 Ng4 23. Bxg4 hxg4 24. Rb3 Rf4 25. Nf1 Raf8 26. Rg3 Rf2 27. Rg2 Rxg2+ 28.
Kxg2 Rf3 29. Be3 Bf8 30. Nh2 1-0

[Event "Edinburgh Premier"]
[Site "Edinburgh"]
[Date "2016.04.10"]
[Round "5.12"]
[White "Rutherford, Willie"]
[Black "Durno, Joy"]
[Result "0-1"]
[WhiteElo "2077"]
[BlackElo "1872"]
[PlyCount "82"]
[EventDate "2016.04.08"]
[EventType "swiss"]
[EventRounds "5"]
[EventCountry "SCO"]
[SourceDate "2016.04.08"]

1. d4 Nf6 2. Nf3 c5 3. e3 e6 4. c4 d6 5. Nc3 Nbd7 6. Be2 b6 7. O-O Bb7 8. Qc2
Be7 9. Rd1 Qc7 10. a3 Rc8 11. b3 a6 12. Bb2 O-O 13. Rac1 Rfd8 14. Qb1 Qb8 15.
Ba1 Bf8 16. h3 Qa8 17. Ne1 cxd4 18. exd4 d5 19. Qa2 Bd6 20. b4 dxc4 21. Bxc4
Bf4 22. Rc2 b5 23. Be2 Nb6 24. Bf3 Bxf3 25. Nxf3 Nc4 26. Ne2 Bb8 27. Re1 Nd5
28. Nd2 Nxd2 29. Rxd2 Rc4 30. Rc2 Rdc8 31. Rec1 Nb6 32. Rxc4 Nxc4 33. Rd1 Qd5
34. Bb2 Qd6 35. g3 Rd8 36. Nc3 Qc6 37. Qb3 Qf3 38. Qc2 Bxg3 39. Bc1 Bc7 40. Rd3
Qf5 41. Qe2 Ne5 0-1

[Event "Edinburgh Premier"]
[Site "Edinburgh"]
[Date "2016.04.10"]
[Round "5.13"]
[White "Brown, Allan D"]
[Black "Birkett, Richard"]
[Result "0-1"]
[WhiteElo "1784"]
[BlackElo "2050"]
[PlyCount "52"]
[EventDate "2016.04.08"]
[EventType "swiss"]
[EventRounds "5"]
[EventCountry "SCO"]
[SourceDate "2016.04.08"]

1. d4 d5 2. Nf3 Nf6 3. e3 c5 4. c3 e6 5. Bd3 Nbd7 6. Nbd2 Bd6 7. e4 dxe4 8.
Nxe4 Nxe4 9. Bxe4 cxd4 10. Nxd4 Nf6 11. Bf3 Bb8 12. Be3 O-O 13. Qc2 Nd5 14.
Bxd5 Qxd5 15. O-O Qh5 16. g3 e5 17. Nb3 Bg4 18. Nd2 Bh3 19. Rfe1 f5 20. Qb3+
Rf7 21. Qd5 Bc7 22. Qf3 Bg4 23. Qg2 f4 24. gxf4 exf4 25. Bd4 f3 26. Qh1 Bh3 0-1

[Event "Edinburgh Premier"]
[Site "Edinburgh"]
[Date "2016.04.10"]
[Round "5.14"]
[White "Hall, David G"]
[Black "Bhopal, Raj"]
[Result "0-1"]
[WhiteElo "1874"]
[BlackElo "1998"]
[PlyCount "60"]
[EventDate "2016.04.08"]
[EventType "swiss"]
[EventRounds "5"]
[EventCountry "SCO"]
[SourceDate "2016.04.08"]

1. d4 f5 2. e4 fxe4 3. Nc3 Nf6 4. Bg5 Nc6 5. d5 Ne5 6. Qd4 Nf7 7. Bxf6 exf6 8.
Nxe4 Be7 9. O-O-O O-O 10. Nf3 f5 11. Ng3 Bf6 12. Qd2 g6 13. Bd3 Bg7 14. Kb1 Qf6
15. c3 a5 16. h4 a4 17. a3 b6 18. h5 Bb7 19. hxg6 hxg6 20. Nh4 Nd6 21. c4 Ba6
22. Rc1 Rab8 23. Qb4 b5 24. c5 Nc4 25. Nhxf5 gxf5 26. Rc3 Nxb2 27. Bxf5 Qxc3
28. Bh7+ Kf7 29. Qf4+ Qf6 30. Qh4 Qxh4 0-1